Регионална библиотека "Любен Каравелов" - Русе

Училище за банкери (Запис номер 29704)

MARC детайли
000 -Лидер
Контролно поле с фиксирана дължина 01174nam a2200313 c 4500
003 - Код на организацията, давaща контролен номер
Контролно поле BLK
005 - Дата и час на последна редакция
Контролно поле 20240618103520.0
008 - Елементи от данни с фиксирана дължина
fixed length control field 180407b bul|||||r ||||||| ||bul||
010 ## - Наследен системен номер
LC control number KNG00032328000
020 ## - Международен стандартен номер на книга ISBN
Международен стандартен номер на книга ISBN 954-8453-19-3
-- издат.: Весела Люцканова
040 ## - Източник на каталожния запис
Идентификатор на билиотеката - собственик на записа BLK
041 ## - Код за език
Код за езика на текст/звукозапис или на отделно заглавие Български
Код за езика КДБФ Български
080 ## - УДК
Текстов определител УДК Българска литература
УДК код - определител по УДК 821.163.2
УДК определител -31
УДК - код + определител 821.163.2-31
100 1# - Редна дума - Автор
Автор Люцканова, Весела
Пълна форма на името Иванова, Весела Люцканова
R(LIN) 382271
139 ## - Редно поле
Редна дума Люцканова, Весела
Авторски знак Люц - Л 97
245 10 - Сведения за заглавието
Заглавие Училище за банкери
Подзаглавни данни Роман
Редно поле (дума) Весела Люцканова.
257 ## - Страна на издаване
Страна на създаване/издаване България
260 ## - Област на издателските данни
-- София
Име на издателя, разпространителя и проч. Весела Люцканова
Година на издаване 1998
Печатница София : Анго бой
300 ## - Физическа характеристика
Страници 224 с.
Размери/Мащаб 20 см
380 ## - Жанр
Жанр Худож. лит.
490 1# - СЕРИИ (Колекции)
Име на серия Колекция Автограф
500 ## - Общи забележки
Забележка Пълното име на авт. е Весела Люцканова Иванова.
852 ## - Местоположение
Форматна сигнатура Цб 196555
856 4# - Електронен адрес и достъп
Електронен формат pdf - файл
Път до файла /url/
856 4# - Електронен адрес и достъп
Електронен формат pdf - файл
Път до файла /url/
942 ## - АРТИКУЛИ
Вид на библиотечния материал Книги
Скрит в OPAC Не
Koha issues (borrowed), all copies 5
944 ## - СЪЗДАВАНЕ И РЕДАКЦИЯ на ЗАПИСА
Създаване/Редакция Създаване
Дата на регистрацията/редакция 15.01.2003
Служител, извършил регистрацията/редакцията 30564
Статус, дата на статуса Галина Якимова
944 ## - СЪЗДАВАНЕ И РЕДАКЦИЯ на ЗАПИСА
Създаване/Редакция Редакция
Дата на регистрацията/редакция 15.04.2010
Служител, извършил регистрацията/редакцията
999 ## - СИСТЕМНИ КОНТРОЛНИ НОМЕРА
Koha biblionumber 29704
Koha biblioitemnumber 29704
Наличности
Код за отписване Код за изгубен артикул Източник на класификационната схема Код за повреда Коз за рестрикции Код за отдаване Артикулен № Име на библиотеката - собственик Име на библиотеката, в която се намира в момента Статус (Текущо местоположение) Дата на вписване в системата Местоположение - отдел Цена в лева Инвентарен номер Систематично азбучна сигнатура Баркод Номер на екземпляра Цена в евро Служебна бележка Служебен тип на артикула
  Не е изгубен Universal Decimal Classification Не е повреден без рестрикции заемане за дома 47670 Регионална библиотека "Любен Каравелов" Русе Регионална библиотека "Любен Каравелов" Русе Заемна - подръчен фонд 2001-01-01 Заемна - подръчен фонд 3.50 639866 П 886.7-31/Л 97 120000639866 1 1.79 Дост: Pk Вид: Ф N: стар фонд Дата: 01.01.1998 Дата инв: 13.02.2018 Бележки инв: П2018 Книги
  Не е изгубен Universal Decimal Classification Не е повреден без рестрикции ползва се в читалня 47671 Регионална библиотека "Любен Каравелов" Русе Регионална библиотека "Любен Каравелов" Русе Хранилище 2001-01-01 Хранилище 0.00 656379 Цб 196555 120000656379 2 0.00 Дост: Dp Вид: Д N: стар фонд Дата: 01.01.1998 Книги
Vip Innovations Ltd, Rousse, Bulgaria 2025